[Event "II Weekend Open"]
[Site "Omegna ITA"]
[Date "2014.08.08"]
[Round "1"]
[White "Martin, Raoul"]
[Black "Maffeo, Mauro"]
[WhiteElo "1469"]
[BlackElo "1730"]
[Result "0-1"]
[PlyCount "60"]
[EventDate "2014.08.08"]

1. g4 e6 2. Bg2 d5 3. d3 Bd6 4. Bd2 c5 5. Nc3 a6 6. Nf3 Nc6 7. h3 Nf6 8. Bg5 h6
9. Bh4 g5 10. Nxg5 hxg5 11. Bxg5 Be7 12. Qd2 Nh7 13. Bf4 Bg5 14. Bxg5 Qxg5 15.
f4 Qh4+ 16. Kd1 Qf2 17. e3 Qxd2+ 18. Kxd2 b5 19. Raf1 Bb7 20. f5 O-O-O 21. f6
Rhg8 22. Rf2 Ne5 23. e4 dxe4 24. Nxe4 Bxe4 25. Bxe4 Nf8 26. Rg1 Rh8 27. Rh2
Nfg6 28. Ke3 Rh4 29. c3 Rdh8 30. Rg3 Nxg4+ 0-1

[Event "II Weekend Open"]
[Site "Omegna ITA"]
[Date "2014.08.09"]
[Round "1"]
[White "Minore, Antonino"]
[Black "Castiglioni, Fabrizio"]
[WhiteElo "1276"]
[BlackElo "1797"]
[Result "0-1"]
[PlyCount "98"]
[EventDate "2014.08.08"]

1. d4 Nf6 2. c4 d6 3. g3 g6 4. Bg2 Bg7 5. Nf3 O-O 6. O-O Nbd7 7. Qc2 e5 8. dxe5
Nxe5 9. Nxe5 dxe5 10. Rd1 Qe8 11. e4 Be6 12. b3 Qc8 13. f3 Bh3 14. Bh1 Nh5 15.
Bb2 f5 16. Bg2 Bxg2 17. Qxg2 fxe4 18. fxe4 Qg4 19. Nd2 Rf7 20. Ba3 Bh6 21. Rf1
Be3+ 22. Kh1 Rxf1+ 23. Nxf1 Bd4 24. Rb1 Rd8 25. Nd2 c5 26. Rf1 Be3 27. Nf3 Qxe4
28. Re1 Qd3 29. Nxe5 Qc3 30. Nf3 Rf8 31. Bb2 Qd3 32. Ba1 Qe4 33. Rf1 Qd3 34.
Bb2 Nf6 35. Ne5 Qe4 36. Rxf6 Qxg2+ 37. Kxg2 Rxf6 38. Ng4 Re6 39. Nf6+ Kg7 40.
Nd5+ Bd4 41. Bc1 Re2+ 42. Kh3 Rxa2 43. b4 Ra4 44. Bd2 cxb4 45. Bxb4 a5 46. Bc3
Bxc3 47. Nxc3 Rxc4 48. Nb5 Kf6 49. g4 Ke5 0-1

[Event "II Weekend Open"]
[Site "Omegna ITA"]
[Date "2014.08.09"]
[Round "1"]
[White "Modaffari, Giuseppe"]
[Black "Brioschi, Camillo"]
[WhiteElo "1576"]
[BlackElo "1764"]
[Result "1/2-1/2"]
[PlyCount "68"]
[EventDate "2014.08.08"]

1. e4 e5 2. Nf3 Nc6 3. Bb5 a6 4. Ba4 Nf6 5. O-O Nxe4 6. d4 d5 7. Nxe5 b5 8.
Nxc6 Qd6 9. Bxb5 axb5 10. Ne5 Be7 11. Nd2 Nxd2 12. Bxd2 O-O 13. Re1 Be6 14. a3
Rfe8 15. Bb4 Qa6 16. Nd3 Bxb4 17. Nxb4 Qb6 18. c3 Qd6 19. a4 c5 20. dxc5 Qxc5
21. axb5 Rxa1 22. Qxa1 Qxb5 23. Qa6 Qxa6 24. Nxa6 Rd8 25. Nc5 Rd6 26. Nxe6 fxe6
27. f4 Kf7 28. g3 Rb6 29. Re2 h5 30. h4 Rb3 31. Kg2 g6 32. Kh3 Kf6 33. Kg2 Kf5
34. Kh3 Kf6 1/2-1/2

[Event "II Weekend Open"]
[Site "Omegna ITA"]
[Date "2014.08.09"]
[Round "1"]
[White "Nanni, Sergio"]
[Black "Trisconi, Alessio"]
[WhiteElo "1706"]
[BlackElo "1440"]
[Result "1-0"]
[PlyCount "49"]
[EventDate "2014.08.08"]

1. e4 c6 2. d4 d5 3. exd5 cxd5 4. Bd3 Nc6 5. c3 Nf6 6. Nf3 Bg4 7. O-O e5 8.
dxe5 Nxe5 9. Bb5+ Nc6 10. Re1+ Be7 11. Qe2 Bxf3 12. Qxf3 O-O 13. Bf4 a6 14. Ba4
Rc8 15. Nd2 b5 16. Bc2 d4 17. Ne4 dxc3 18. bxc3 Re8 19. Rad1 Qb6 20. Qd3 g6 21.
Qe2 Rcd8 22. Bb3 Na5 23. Bxf7+ Kg7 24. Rxd8 Qxd8 25. Ng5 1-0

[Event "II Weekend Open"]
[Site "Omegna ITA"]
[Date "2014.08.09"]
[Round "1"]
[White "Piazza, Francesco"]
[Black "Lachat, Martin"]
[WhiteElo "1270"]
[BlackElo "1646"]
[Result "1-0"]
[PlyCount "56"]
[EventDate "2014.08.08"]

1. d4 f5 2. Bg5 g6 3. e3 Bg7 4. Bc4 Nf6 5. Nc3 c6 6. Qf3 d5 7. Bb3 O-O 8. O-O-O
a5 9. h3 b5 10. a3 b4 11. Nb1 Ne4 12. Bf4 Nd7 13. a4 e5 14. Bxe5 Nxe5 15. dxe5
Bxe5 16. Nd2 Bxb2+ 17. Kxb2 Qf6+ 18. Kb1 Nc3+ 19. Kc1 Nxa4 20. Bxa4 Qa1+ 21.
Nb1 Qxa4 22. Ne2 Ba6 23. Nd4 Bc4 24. Ne6 Rf7 25. Ng5 Re7 26. Qf4 Qa1 27. Qd6
Qe5 28. Qxc6 a4 1-0

[Event "II Weekend Open"]
[Site "Omegna ITA"]
[Date "2014.08.09"]
[Round "1"]
[White "Pivari, Flavio"]
[Black "Lantschner, Carmen"]
[WhiteElo "1410"]
[BlackElo "1690"]
[Result "0-1"]
[PlyCount "64"]
[EventDate "2014.08.08"]

1. e4 d6 2. d4 Nf6 3. Nc3 g6 4. Be2 Bg7 5. h4 h6 6. Be3 O-O 7. Nh3 c6 8. Qd2 h5
9. Bh6 b5 10. Bxg7 Kxg7 11. Bf3 Bd7 12. Nf4 Rh8 13. O-O-O a5 14. Nd3 b4 15. Na4
Qc7 16. b3 Na6 17. e5 Ng4 18. Rhe1 Rae8 19. exd6 exd6 20. Bxg4 Bxg4 21. f3 Bf5
22. Rg1 c5 23. g4 hxg4 24. fxg4 Bd7 25. dxc5 Bxa4 26. h5 Bb5 27. hxg6 fxg6 28.
cxd6 Qxd6 29. Qg5 Qf6 30. Qxb5 Qa1+ 31. Kd2 Rh2+ 32. Nf2 Rxf2+ 0-1

[Event "II Weekend Open"]
[Site "Omegna ITA"]
[Date "2014.08.09"]
[Round "1"]
[White "Puricelli, Giancarlo"]
[Black "Lantschner, Arnold"]
[WhiteElo "1683"]
[BlackElo "1377"]
[Result "1-0"]
[PlyCount "82"]
[EventDate "2014.08.08"]

1. d4 d5 2. Nf3 Bf5 3. c4 e6 4. Nc3 Nf6 5. e3 Nc6 6. Nh4 Ne7 7. Nxf5 Nxf5 8. b4
Bxb4 9. Qa4+ c6 10. Qxb4 Qd7 11. Bd3 a5 12. Qb1 O-O 13. Na4 Ra7 14. Ba3 Re8 15.
Bc5 Ra6 16. cxd5 Nxd5 17. Bxa6 bxa6 18. O-O Nf6 19. Qd3 Qb7 20. Rab1 Qa8 21.
Rb6 Nd5 22. Rxa6 Qb7 23. Rb1 Nb4 24. Bxb4 axb4 25. Nc5 Qb8 26. Rxc6 Rd8 27. Qb3
Qa8 28. Nxe6 fxe6 29. Qxe6+ Kh8 30. Qc4 Nh4 31. Rxb4 h6 32. d5 Nf5 33. a4 Ne7
34. Ra6 Qxd5 35. Qxd5 Rxd5 36. Rd4 Rc5 37. g4 Nc6 38. Kg2 Rg5 39. h3 h5 40. Kg3
Kh7 41. h4 Re5 1-0

[Event "II Weekend Open"]
[Site "Omegna ITA"]
[Date "2014.08.09"]
[Round "1"]
[White "Recanatini, Italo"]
[Black "Giusti, Francesco"]
[WhiteElo "1800"]
[BlackElo "1584"]
[Result "1-0"]
[PlyCount "61"]
[EventDate "2014.08.08"]

1. e4 g6 2. d4 Bg7 3. c3 d6 4. h3 e5 5. Be3 exd4 6. cxd4 Nf6 7. Nc3 Qe7 8. Bd3
Nc6 9. Nge2 Bd7 10. a3 h6 11. O-O Nh7 12. Re1 g5 13. Rc1 h5 14. Ng3 h4 15. Nf5
Qf8 16. Nd5 O-O-O 17. Nxc7 Kxc7 18. d5 Bxb2 19. Rc2 Bxa3 20. dxc6 Bxc6 21. Nd4
Bc5 22. Bb5 Bxe4 23. Bd3 Bxd3 24. Qxd3 Kb8 25. Ra1 Qg7 26. Qc3 Qf8 27. Nb5 a6
28. Bxc5 dxc5 29. Qe5+ Ka8 30. Nc7+ Ka7 31. Nxa6 1-0

[Event "II Weekend Open"]
[Site "Omegna ITA"]
[Date "2014.08.09"]
[Round "1"]
[White "Rigotti, Gianluigi"]
[Black "Benenati, Gianfranco"]
[WhiteElo "1606"]
[BlackElo "1832"]
[Result "0-1"]
[PlyCount "108"]
[EventDate "2014.08.08"]

1. e4 c5 2. g3 Nc6 3. Bg2 e5 4. Ne2 d6 5. O-O Be7 6. c3 Nf6 7. Na3 Bg4 8. f3
Be6 9. Nc2 O-O 10. d4 cxd4 11. cxd4 exd4 12. Ncxd4 Qb6 13. Rf2 Bd7 14. Qb3 Nxd4
15. Qxb6 Nxe2+ 16. Rxe2 axb6 17. Be3 b5 18. Bd4 Bc6 19. e5 dxe5 20. Bxe5 Nd5
21. Bd4 Bf6 22. Bf2 Rfe8 23. Rd2 Ne3 24. Bxe3 Rxe3 25. Kf2 Ree8 26. a3 b4 27.
f4 bxa3 28. Rxa3 Bxg2 29. Kxg2 Rxa3 30. bxa3 Rd8 31. Rc2 Be7 32. a4 b6 33. Rc7
Bc5 34. a5 Ra8 35. axb6 Bxb6 36. Rb7 Bd4 37. Rb4 Bf6 38. g4 h6 39. Rb5 Ra4 40.
Kf3 Ra3+ 41. Kg2 Ra2+ 42. Kg3 Rb2 43. Rd5 Rb3+ 44. Kg2 Be7 45. Ra5 f6 46. h4
Bd6 47. Rf5 Kf7 48. g5 Ke6 49. Ra5 Bxf4 50. gxf6 gxf6 51. Ra6+ Kf5 52. Rc6 Be5
53. Rc5 Rg3+ 54. Kf2 Rg4 0-1

[Event "II Weekend Open"]
[Site "Omegna ITA"]
[Date "2014.08.09"]
[Round "1"]
[White "Schgaguler, Gunther"]
[Black "Scalfi, Agostino"]
[WhiteElo "1593"]
[BlackElo "1824"]
[Result "1/2-1/2"]
[PlyCount "46"]
[EventDate "2014.08.08"]

1. e4 e5 2. Nf3 Nc6 3. Bb5 a6 4. Ba4 Nf6 5. O-O b5 6. Bb3 Be7 7. Re1 O-O 8. a3
d5 9. d3 Bg4 10. Nc3 Be6 11. exd5 Nxd5 12. Nxd5 Bxd5 13. Bxd5 Qxd5 14. Bd2 Bd6
15. Bc3 Rae8 16. Qd2 f6 17. Re2 Nd4 18. Bxd4 exd4 19. Rae1 Rxe2 20. Rxe2 c5 21.
c3 Be5 22. Nxe5 fxe5 23. b4 c4 1/2-1/2

[Event "II Weekend Open"]
[Site "Omegna ITA"]
[Date "2014.08.08"]
[Round "1"]
[White "Tencheni, Maurizio"]
[Black "Rancati, David"]
[WhiteElo "1740"]
[BlackElo "1491"]
[Result "0-1"]
[PlyCount "86"]
[EventDate "2014.08.08"]

1. b3 e5 2. Bb2 Nc6 3. e3 Nf6 4. Bb5 d6 5. Nf3 Bg4 6. h3 Bh5 7. g4 Bg6 8. Be2
Nd7 9. h4 f6 10. h5 Be4 11. Nc3 d5 12. Nxe4 dxe4 13. Nh4 a6 14. Nf5 Ne7 15. Ng3
Nc5 16. Ba3 Nc6 17. Nf5 Qd7 18. Ng3 O-O-O 19. Bxc5 Bxc5 20. Nxe4 Ba7 21. g5 f5
22. Ng3 Kb8 23. a3 Rhf8 24. b4 Ne7 25. c4 f4 26. Ne4 Nf5 27. Nc5 Bxc5 28. bxc5
Qc6 29. Bf3 e4 30. Bg4 fxe3 31. Bxf5 exf2+ 32. Kf1 Rxf5 33. Qg4 Rdf8 34. Rh4
Qxc5 35. Qxe4 Rxg5 36. Rg4 Rxh5 37. Rb1 b6 38. Rxg7 Re5 39. Qd3 Qc6 40. Rxh7
Qe6 41. Rh1 Re1+ 42. Kg2 Qg4+ 43. Qg3 Qe4+ 0-1

[Event "II Weekend Open"]
[Site "Omegna ITA"]
[Date "2014.08.09"]
[Round "1"]
[White "Tinelli, Fulvio"]
[Black "Greco, Umberto"]
[WhiteElo "1440"]
[BlackElo "1707"]
[Result "1-0"]
[PlyCount "59"]
[EventDate "2014.08.08"]

1. d4 Nf6 2. Nf3 g6 3. Bg5 Bg7 4. e3 O-O 5. Bd3 d6 6. Nbd2 Bg4 7. c3 c5 8. O-O
cxd4 9. exd4 Nc6 10. h3 Bxf3 11. Qxf3 d5 12. Qe2 Re8 13. f4 Qb6 14. Nf3 Nh5 15.
Qf2 h6 16. g4 Nf6 17. Bh4 Nd7 18. Rae1 e6 19. Ne5 Ndxe5 20. fxe5 Rf8 21. Re3 g5
22. Bg3 Qc7 23. Rf3 Qe7 24. Bb1 Nd8 25. Qc2 Re8 26. Qh7+ Kf8 27. Rf6 Qc7 28.
Rg6 f6 29. Rfxf6+ Ke7 30. Rxg7+ 1-0

[Event "II Weekend Open"]
[Site "Omegna ITA"]
[Date "2014.08.09"]
[Round "1"]
[White "Zahner, Rolf"]
[Black "Agnello, Francesco Claudio"]
[WhiteElo "1637"]
[BlackElo "1836"]
[Result "0-1"]
[PlyCount "42"]
[EventDate "2014.08.08"]

1. e4 d5 2. exd5 Nf6 3. Bb5+ Bd7 4. Bxd7+ Qxd7 5. c4 c6 6. dxc6 Nxc6 7. Nc3 e5
8. d3 Bb4 9. a3 Bxc3+ 10. bxc3 Rd8 11. Rb1 b6 12. Nf3 e4 13. Qe2 Qxd3 14. Qxd3
Rxd3 15. Nd2 O-O 16. O-O Rfd8 17. Rd1 e3 18. fxe3 Ne4 19. Rb2 Na5 20. Kf1 Nxc4
21. Rc2 Nxe3+ 0-1

[Event "II Weekend Open"]
[Site "Omegna ITA"]
[Date "2014.08.09"]
[Round "2"]
[White "Agnello, Francesco Claudio"]
[Black "Faraci, Libero"]
[WhiteElo "1836"]
[BlackElo "1713"]
[Result "1-0"]
[PlyCount "47"]
[EventDate "2014.08.08"]

1. e4 d6 2. d4 Nf6 3. Nc3 c6 4. f4 Qa5 5. Bd2 e5 6. fxe5 dxe5 7. d5 a6 8. Nf3
Qc7 9. Bd3 Bg4 10. O-O Bc5+ 11. Kh1 O-O 12. Qe1 Nbd7 13. Qg3 Bd6 14. dxc6 bxc6
15. Nh4 Bh5 16. Bc4 Bg6 17. Nxg6 hxg6 18. Qxg6 Nb6 19. Bh6 Nh5 20. Qxh5 gxh6
21. Rf3 Nxc4 22. Rg3+ Kh7 23. Qf5+ Kh8 24. Qf6+ 1-0

[Event "II Weekend Open"]
[Site "Omegna ITA"]
[Date "2014.08.09"]
[Round "2"]
[White "Alberio, Nicolo'"]
[Black "Giancola, Andrea"]
[WhiteElo "1659"]
[BlackElo "1760"]
[Result "0-1"]
[PlyCount "75"]
[EventDate "2014.08.08"]

1. d4 d5 2. c4 c6 3. Nc3 Bf5 4. Nf3 Nf6 5. Qb3 b6 6. g3 e6 7. Bg2 Bd6 8. cxd5
exd5 9. O-O O-O 10. a3 Re8 11. Bg5 Nbd7 12. Rfe1 h6 13. Bxf6 Nxf6 14. Rac1 Qd7
15. Nb1 Ne4 16. e3 Rac8 17. Nbd2 g5 18. Nxe4 Bxe4 19. Nd2 Bxg2 20. Kxg2 f5 21.
e4 fxe4 22. Nxe4 Rf8 23. Nxd6 Qxd6 24. Re5 Qf6 25. Rc2 Rc7 26. Rce2 g4 27. Qe3
Rcf7 28. Kg1 Qg6 29. Re6 Rf6 30. Qe5 Rxe6 31. Qxe6+ Kg7 32. Qd7+ Rf7 33. Re7
Rxe7 34. Qxe7+ Qf7 35. Qe5+ Qf6 36. Qe3 Kf7 37. Kg2 Qe6 38. f3 0-1

[Event "II Weekend Open"]
[Site "Omegna ITA"]
[Date "2014.08.09"]
[Round "2"]
[White "Amoros, Pierre"]
[Black "Grudina, Marco"]
[WhiteElo "1612"]
[BlackElo "1741"]
[Result "0-1"]
[PlyCount "46"]
[EventDate "2014.08.08"]

1. e4 e5 2. Nf3 Nc6 3. d4 exd4 4. Nxd4 Bc5 5. Be3 Qf6 6. c3 Nge7 7. Bc4 Ne5 8.
Be2 Qg6 9. Bf3 O-O 10. h4 Nxf3+ 11. Qxf3 d5 12. exd5 Bg4 13. Qg3 Bd6 14. Bf4
Qe4+ 15. Kf1 Qxf4 16. Qxf4 Bxf4 17. f3 Bd7 18. Ne2 Bb5 19. Na3 Bxe2+ 20. Kxe2
Nxd5 21. Rad1 c6 22. Kf2 Rfe8 23. Rd4 Be3+ 0-1

[Event "II Weekend Open"]
[Site "Omegna ITA"]
[Date "2014.08.09"]
[Round "2"]
[White "Benenati, Gianfranco"]
[Black "Nanni, Sergio"]
[WhiteElo "1832"]
[BlackElo "1706"]
[Result "0-1"]
[PlyCount "80"]
[EventDate "2014.08.08"]

1. e4 e5 2. Nf3 Nf6 3. d4 Nxe4 4. Bd3 d5 5. Nxe5 Be7 6. O-O O-O 7. Nd2 Nf6 8.
Nb3 Nbd7 9. Nf3 c5 10. dxc5 Nxc5 11. Nxc5 Bxc5 12. h3 Qb6 13. c3 Ne4 14. Nd4
Be6 15. Bc2 Rac8 16. Rb1 Qd8 17. Be3 Qf6 18. Qd3 g6 19. Bh6 Rfe8 20. Ba4 g5 21.
Bxg5 Qxg5 22. f4 Qg3 23. Rf3 Qg6 24. Bxe8 Rxe8 25. Kh2 Qh6 26. Nxe6 Rxe6 27.
Qxd5 Bd6 28. g3 Kf8 29. Qd4 Bc5 30. Qh8+ Ke7 31. Rd1 Bd6 32. Re3 Nf2 33. Rxe6+
Qxe6 34. Rxd6 Qxd6 35. Qg7 Ne4 36. Kg2 Qd2+ 37. Kf3 Qd3+ 38. Kg2 Qe2+ 39. Kh1
Qf1+ 40. Kh2 Qf2+ 0-1

[Event "II Weekend Open"]
[Site "Omegna ITA"]
[Date "2014.08.09"]
[Round "2"]
[White "Brioschi, Camillo"]
[Black "Schgaguler, Gunther"]
[WhiteElo "1764"]
[BlackElo "1593"]
[Result "1-0"]
[PlyCount "81"]
[EventDate "2014.08.08"]

1. d4 e6 2. c4 f5 3. g3 d5 4. Bg2 c6 5. cxd5 exd5 6. Nf3 Nf6 7. O-O Bd6 8. Bg5
O-O 9. Nbd2 Be6 10. Ne5 Nbd7 11. Ndf3 Qc7 12. Bf4 Ne4 13. Nxd7 Bxd7 14. Bxd6
Qxd6 15. e3 b6 16. Ne5 Rae8 17. Qa4 a5 18. Rac1 Rc8 19. Rc2 Rc7 20. Rfc1 Rfc8
21. Bf1 c5 22. Nxd7 Qxd7 23. Qxd7 Rxd7 24. f3 Nf6 25. dxc5 bxc5 26. Rxc5 Rxc5
27. Rxc5 Ra7 28. Bd3 g6 29. Bc2 Kf7 30. Kf2 Ke7 31. Ba4 Kd6 32. Rc6+ Ke7 33.
Ke2 Rb7 34. b3 Rb8 35. Kd3 Rb7 36. Ra6 Rc7 37. Rxa5 Rc1 38. b4 Rh1 39. b5 Rxh2
40. b6 Kd8 41. Ra8+ 1-0

[Event "II Weekend Open"]
[Site "Omegna ITA"]
[Date "2014.08.09"]
[Round "2"]
[White "Castiglioni, Fabrizio"]
[Black "Coqueraut, Lodewyk"]
[WhiteElo "1797"]
[BlackElo "1691"]
[Result "1-0"]
[PlyCount "49"]
[EventDate "2014.08.08"]

1. d4 Nf6 2. c4 g6 3. Nc3 Bg7 4. e4 d6 5. f4 O-O 6. Nf3 c5 7. d5 h5 8. Bd3 Nh7
9. Qc2 Qe8 10. Be3 Na6 11. a3 Nc7 12. O-O-O e5 13. fxe5 Bxe5 14. Nxe5 Qxe5 15.
Rdf1 Bd7 16. Bf4 Qe7 17. Bh6 Rfe8 18. h4 Bg4 19. e5 Nf8 20. Ne4 Qxe5 21. Nf6+
Kh8 22. Nxe8 Qxe8 23. Qc3+ Qe5 24. Qxe5+ dxe5 25. Rxf7 1-0

[Event "II Weekend Open"]
[Site "Omegna ITA"]
[Date "2014.08.09"]
[Round "2"]
[White "Frignani, Alessandro"]
[Black "Tencheni, Maurizio"]
[WhiteElo "1461"]
[BlackElo "1740"]
[Result "0-1"]
[PlyCount "148"]
[EventDate "2014.08.08"]

1. e4 b6 2. d4 Bb7 3. Qf3 Nf6 4. Nd2 Nc6 5. c3 e5 6. d5 Ne7 7. h3 Ng6 8. g3 Be7
9. Bg2 O-O 10. Ne2 d6 11. b3 c6 12. c4 Rc8 13. Nc3 a6 14. Bb2 Re8 15. O-O Bf8
16. Qd3 c5 17. Nd1 Rc7 18. Ne3 Bc8 19. Bc3 Ne7 20. a4 Bd7 21. Qe2 Qc8 22. g4 g6
23. Bf3 Kh8 24. Kh2 Bg7 25. Rg1 Nfg8 26. h4 f5 27. g5 Rf8 28. Raf1 fxe4 29.
Bxe4 Nf5 30. h5 Nxe3 31. fxe3 gxh5 32. Qxh5 Bf5 33. g6 Nh6 34. Bxf5 Rxf5 35.
Rxf5 Qxf5 36. Qxf5 Nxf5 37. e4 Nh4 38. gxh7 Kxh7 39. Rf1 Kg8 40. Kh3 Ng6 41.
Kg4 Rf7 42. Rxf7 Kxf7 43. b4 Nf4 44. bxc5 bxc5 45. Ba5 Kg6 46. Bd8 Bf6 47. Bc7
Be7 48. Nb3 Ne2 49. Na5 Nc3 50. Nb7 Nxe4 51. Kf3 Nd2+ 52. Ke3 Nxc4+ 53. Kd3
Nb2+ 54. Ke4 Nxa4 55. Kd3 Nb2+ 56. Kc3 Nd1+ 57. Kd3 Nf2+ 58. Ke3 Ng4+ 59. Kd3
Nf6 60. Kc4 e4 61. Nxd6 e3 62. Nb7 e2 63. Ba5 Ne4 64. Kd3 Kf5 65. Kxe2 Ke5 66.
Bd8 Bxd8 67. Nxd8 Kxd5 68. Kd3 a5 69. Nb7 c4+ 70. Kc2 a4 71. Kb2 Nc5 72. Nd8
Nd3+ 73. Kc3 a3 74. Nf7 a2 0-1

[Event "II Weekend Open"]
[Site "Omegna ITA"]
[Date "2014.08.09"]
[Round "2"]
[White "Giusti, Francesco"]
[Black "Pivari, Flavio"]
[WhiteElo "1584"]
[BlackElo "1410"]
[Result "0-1"]
[PlyCount "90"]
[EventDate "2014.08.08"]

1. e4 c5 2. Nf3 d6 3. c3 Nc6 4. Bc4 e6 5. d4 cxd4 6. Nxd4 Nf6 7. Bg5 a6 8. O-O
Be7 9. Re1 Qc7 10. Na3 h6 11. Bh4 Bd7 12. Nac2 Nxd4 13. Qxd4 Rc8 14. Bb3 e5 15.
Qd3 O-O 16. Ne3 Bb5 17. c4 Bc6 18. Bxf6 Bxf6 19. Nf5 Rfd8 20. Qg3 Kh7 21. Bc2
Bd7 22. b3 Be6 23. Rad1 b5 24. Bd3 bxc4 25. bxc4 Qa5 26. f3 Bxc4 27. Bxc4 Rxc4
28. Nxd6 Rxd6 29. Rxd6 Qc5+ 30. Kh1 Qxd6 31. h3 Qe7 32. Rb1 Rc2 33. Ra1 Bh4 34.
Qg4 Qg5 35. Qxg5 Bxg5 36. a4 a5 37. g3 Be3 38. Ra3 Bd4 39. f4 Rc1+ 40. Kg2 exf4
41. gxf4 Rc4 42. h4 Bc5 43. Rb3 Rxe4 44. Rb5 Bb4 45. Kf3 Re1 0-1

[Event "II Weekend Open"]
[Site "Omegna ITA"]
[Date "2014.08.09"]
[Round "2"]
[White "Greco, Umberto"]
[Black "Ciochetta, Giovanni"]
[WhiteElo "1707"]
[BlackElo "1549"]
[Result "1/2-1/2"]
[PlyCount "123"]
[EventDate "2014.08.08"]

1. c4 Nf6 2. Nc3 e6 3. Nf3 Nc6 4. e3 Bb4 5. a3 Bxc3 6. bxc3 O-O 7. d4 d5 8.
cxd5 exd5 9. c4 Bg4 10. h3 Bh5 11. Be2 Bxf3 12. Bxf3 dxc4 13. Bxc6 bxc6 14. O-O
Qd5 15. Bd2 Rfb8 16. Qc2 Ne4 17. Rfc1 Nd6 18. Bb4 Rb6 19. Bxd6 cxd6 20. Qxc4
Qxc4 21. Rxc4 Rc8 22. Rac1 f6 23. a4 a5 24. Kf1 Kf7 25. Ke2 Ke7 26. h4 Kd7 27.
g3 Ra8 28. R1c2 Raa6 29. Ra2 Rb4 30. Rxb4 axb4 31. a5 c5 32. d5 Kc7 33. Kd3 Ra8
34. Kc4 Rb8 35. e4 Kb7 36. g4 Ka6 37. f3 Rb5 38. f4 Rxa5 39. Rxa5+ Kxa5 40. g5
fxg5 41. hxg5 Kb6 42. f5 Kc7 43. f6 gxf6 44. gxf6 Kd7 45. e5 dxe5 46. Kxc5 b3
47. d6 b2 48. f7 b1=Q 49. f8=Q Qc2+ 50. Kb4 Qd2+ 51. Kb5 Qxd6 52. Qf7+ Qe7 53.
Qd5+ Ke8 54. Qg8+ Kd7 55. Qd5+ Kc7 56. Qc6+ Kb8 57. Qg2 e4 58. Qg8+ Kc7 59.
Qc4+ Kd8 60. Qg8+ Qe8+ 61. Qxe8+ Kxe8 62. Kc4 1/2-1/2

[Event "II Weekend Open"]
[Site "Omegna ITA"]
[Date "2014.08.09"]
[Round "2"]
[White "Guensberg, Alex"]
[Black "Modaffari, Giuseppe"]
[WhiteElo "1754"]
[BlackElo "1576"]
[Result "1/2-1/2"]
[PlyCount "41"]
[EventDate "2014.08.08"]

1. d4 Nf6 2. c4 g6 3. Nc3 Bg7 4. e4 d6 5. f4 O-O 6. Nf3 Nbd7 7. Bd3 c5 8. d5 a6
9. a4 Re8 10. O-O e5 11. fxe5 Nxe5 12. Nxe5 Rxe5 13. Bf4 Nh5 14. Bxe5 Bxe5 15.
Qe1 Qg5 16. h4 Bd4+ 17. Kh2 Be5+ 18. Kg1 Qg4 19. Be2 Bd4+ 20. Kh2 Be5+ 21. Kg1
1/2-1/2

[Event "II Weekend Open"]
[Site "Omegna ITA"]
[Date "2014.08.09"]
[Round "2"]
[White "Lachat, Martin"]
[Black "Buoniconti, Francesco"]
[WhiteElo "1646"]
[BlackElo "1449"]
[Result "1/2-1/2"]
[PlyCount "64"]
[EventDate "2014.08.08"]

1. c4 d6 2. Nc3 Nf6 3. d4 Nbd7 4. e4 e5 5. Be3 Be7 6. Be2 O-O 7. Qc2 c6 8. Rd1
Qc7 9. Bf3 Nb6 10. b3 Bg4 11. h3 Bxf3 12. Nxf3 Nh5 13. O-O Nf4 14. Ne2 Nxe2+
15. Qxe2 Nd7 16. Nh2 Nf6 17. Bc1 c5 18. d5 a5 19. f4 a4 20. fxe5 dxe5 21. Ng4
Qd6 22. Nxf6+ Bxf6 23. Rf5 axb3 24. axb3 Ra7 25. Qg4 Ra1 26. Rdf1 Kh8 27. Qg3
Qe7 28. Bb2 Rxf1+ 29. Rxf1 Rg8 30. Ra1 b6 31. Rd1 Qd6 32. Ra1 Qc7 1/2-1/2

[Event "II Weekend Open"]
[Site "Omegna ITA"]
[Date "2014.08.09"]
[Round "2"]
[White "Lantschner, Alexander"]
[Black "Minore, Antonino"]
[WhiteElo "1562"]
[BlackElo "1276"]
[Result "1/2-1/2"]
[PlyCount "61"]
[EventDate "2014.08.08"]

1. e4 d6 2. Bc4 g6 3. d3 Bg7 4. c3 e5 5. h3 Ne7 6. Bg5 Nbc6 7. a3 a6 8. Qf3 f5
9. exf5 Bxf5 10. g4 d5 11. Bxe7 Nxe7 12. gxf5 dxc4 13. fxg6 Nxg6 14. dxc4 Nf4
15. Nd2 Nd3+ 16. Ke2 Nf4+ 17. Kd1 O-O 18. Ne2 Nd3 19. Qd5+ Qxd5 20. cxd5 Nxf2+
21. Kc2 Nxh1 22. Rxh1 b5 23. b3 Rad8 24. c4 bxc4 25. bxc4 Rd6 26. Rg1 c6 27.
Ne4 Rg6 28. d6 Rxg1 29. Nxg1 Rd8 30. c5 Kf7 31. Nf3 1/2-1/2

[Event "II Weekend Open"]
[Site "Omegna ITA"]
[Date "2014.08.09"]
[Round "2"]
[White "Lantschner, Arnold"]
[Black "Martin, Raoul"]
[WhiteElo "1377"]
[BlackElo "1469"]
[Result "1-0"]
[PlyCount "35"]
[EventDate "2014.08.08"]

1. e4 c5 2. Bc4 Nc6 3. d3 e6 4. Nc3 Nge7 5. Qh5 Ng6 6. Bg5 Qb6 7. b3 Nce5 8.
Nf3 Nxc4 9. dxc4 Qa5 10. Bd2 Qd8 11. O-O Qf6 12. e5 Qd8 13. Bg5 Be7 14. Rad1
Bxg5 15. Nxg5 a6 16. Nce4 Qe7 17. Nd6+ Kf8 18. Ngxf7 1-0

[Event "II Weekend Open"]
[Site "Omegna ITA"]
[Date "2014.08.09"]
[Round "2"]
[White "Lantschner, Carmen"]
[Black "Borghi, Dario"]
[WhiteElo "1690"]
[BlackElo "1767"]
[Result "1-0"]
[PlyCount "89"]
[EventDate "2014.08.08"]

1. e4 e5 2. Nf3 Nc6 3. d4 exd4 4. Bc4 Be7 5. c3 dxc3 6. Nxc3 Nf6 7. O-O O-O 8.
Qc2 Bc5 9. Bg5 d6 10. Rad1 Bd7 11. Nd5 Nb4 12. Nxb4 Bxb4 13. e5 dxe5 14. Nxe5
Bd6 15. Rfe1 Be6 16. Bxe6 fxe6 17. Ng4 Qd7 18. Nxf6+ gxf6 19. Bh6 Rfe8 20. Re3
Qf7 21. Qb3 Kh8 22. Rh3 b6 23. Bc1 Rg8 24. Rdd3 Rae8 25. Rh6 Qg7 26. g3 Qf7 27.
Bd2 Rg6 28. Rh4 Re7 29. Bc3 e5 30. Qa4 a5 31. Rf3 Qe8 32. Qe4 Reg7 33. Rf5 Qe7
34. Rfh5 c5 35. Qa8+ Qf8 36. Qe4 Qb8 37. Bd2 Qb7 38. Qd3 Rd7 39. Qxg6 Bf8 40.
Qe8 Kg8 41. Qe6+ Kh8 42. Qxf6+ Bg7 43. Rxh7+ Kg8 44. Rh8+ Bxh8 45. Rxh8# 1-0

[Event "II Weekend Open"]
[Site "Omegna ITA"]
[Date "2014.08.09"]
[Round "2"]
[White "Maffeo, Mauro"]
[Black "Tinelli, Fulvio"]
[WhiteElo "1730"]
[BlackElo "1440"]
[Result "1-0"]
[PlyCount "85"]
[EventDate "2014.08.08"]

1. d4 d5 2. e3 Nf6 3. f4 e6 4. Bd3 Be7 5. Nf3 b6 6. O-O c5 7. c3 O-O 8. Nbd2
Ba6 9. Bxa6 Nxa6 10. Ne5 Qc7 11. Qf3 Rae8 12. Qh3 Nb8 13. Ndf3 Ne4 14. Bd2 Nd7
15. Rad1 Bd6 16. Be1 f6 17. Ng4 Re7 18. Bh4 Rfe8 19. a3 Nf8 20. Nf2 Ng6 21.
Nxe4 dxe4 22. Nd2 Nxh4 23. Qxh4 f5 24. Nc4 Rd7 25. Ne5 Bxe5 26. fxe5 Red8 27.
Kh1 b5 28. Rg1 Rf8 29. Rdf1 Rdf7 30. Qf4 c4 31. h4 Qe7 32. g3 Kh8 33. Rg2 Rg8
34. Qg5 Qxg5 35. hxg5 Rd7 36. g6 h6 37. g4 Rf8 38. Rgf2 Kg8 39. gxf5 exf5 40.
Rxf5 Rxf5 41. Rxf5 Re7 42. d5 a5 43. e6 1-0

[Event "II Weekend Open"]
[Site "Omegna ITA"]
[Date "2014.08.09"]
[Round "2"]
[White "Merighi, Yasin"]
[Black "Gbessou, Remi Stephan"]
[WhiteElo "1576"]
[BlackElo "1323"]
[Result "1-0"]
[PlyCount "61"]
[EventDate "2014.08.08"]

1. e4 d5 2. exd5 Qxd5 3. Nc3 Qe6+ 4. Be2 Nf6 5. Nf3 Nc6 6. d4 Qd7 7. O-O e6 8.
Bb5 Be7 9. Ne5 Qd6 10. Qf3 Bd7 11. Nxd7 Qxd7 12. Bg5 O-O 13. Rad1 a6 14. Bxc6
bxc6 15. Ne2 Rab8 16. b3 h6 17. Bh4 Qd6 18. c4 e5 19. dxe5 Qxe5 20. Rfe1 c5 21.
Nc3 Qh5 22. Qxh5 Nxh5 23. Bxe7 Rfe8 24. Bxc5 Nf4 25. Be3 Ne6 26. h3 a5 27. Rd7
Rb4 28. Bd2 Ra8 29. Nb5 Rd8 30. Rxd8+ Nxd8 31. Re8+ 1-0